000 00437nam a2200181Ia 4500
001 10301
005 20260306161822.0
008 260306t2020||||xx |||||||||||||| ||spa||
041 _aESP
082 _a918.5
_bB45
100 _aRiviale, Pascal,
_eAUT
245 0 _aUna vida en los Andes :
_bdiario (1864-1896)
260 _c2020
300 _a412 páginas :
_c24 cm.
650 _aGEN
654 _aCHU
942 _cLIB
_dJUS
_fJUS
_2ddc
_n
999 _c10301
_d10301